[Event "4NCL/Div2/BAR3 vs. MIN1"]
[Site "Telford ENG"]
[Date "2004.01.17"]
[Round "3.2"]
[White "Gwaze, Robert"]
[Black "Pritchett, Craig W"]
[Result "1-0"]
[WhiteElo "2345"]
[BlackElo "2296"]
[PlyCount "67"]
[EventDate "2004.01.17"]

1. e4 c5 2. Nf3 e6 3. d4 cxd4 4. Nxd4 Nc6 5. Nc3 a6 6. Be2 d6 7. O-O Nf6 8. Kh1
Be7 9. f4 O-O 10. a4 Bd7 11. Be3 Rc8 12. Qe1 Nxd4 13. Bxd4 Bc6 14. Qg3 g6 15.
Bd3 b5 16. f5 b4 17. Nd5 exd5 18. exd5 Nh5 19. Qf3 Bb7 20. f6 Bxf6 21. Bxf6
Nxf6 22. Qxf6 Bxd5 23. Qf4 a5 24. Rad1 Rc5 25. b3 Qc7 26. Rf2 Be6 27. Rfd2 d5
28. Qd4 Rc3 29. Rf1 Qc5 30. Qf6 Qc6 31. Rdf2 Qd6 32. h4 d4 33. h5 Rc5 34. Bf5
1-0

[Event "4NCL/Div2/BAR3 vs. MIN1"]
[Site "Telford ENG"]
[Date "2004.01.17"]
[Round "3.3"]
[White "Twyble, Michael S"]
[Black "McFarland, Robert S"]
[Result "1/2-1/2"]
[WhiteElo "2245"]
[BlackElo "2268"]
[PlyCount "49"]
[EventDate "2004.01.17"]

1. d4 g6 2. c4 Bg7 3. Nc3 d6 4. e4 Nf6 5. Nf3 O-O 6. Be2 e5 7. d5 a5 8. Bg5 h6
9. Bh4 Na6 10. Nd2 Qe8 11. O-O Bd7 12. b3 Nh7 13. Kh1 h5 14. f3 Bh6 15. a3 Be3
16. Bf2 Bxf2 17. Rxf2 Qe7 18. Rb1 c5 19. Qc2 Rfb8 20. Rbf1 Be8 {(=)} 21. g3 Nc7
22. f4 b6 23. f5 Bd7 24. Qd1 Rf8 25. a4 1/2-1/2

[Event "4NCL/Div2/BAR3 vs. MIN1"]
[Site "Telford ENG"]
[Date "2004.01.17"]
[Round "3.4"]
[White "Radovanovic, Jovica"]
[Black "Mack, Andrew"]
[Result "1-0"]
[WhiteElo "2217"]
[BlackElo "2262"]
[PlyCount "47"]
[EventDate "2004.01.17"]

1. e4 e6 2. d4 d5 3. Nc3 Nf6 4. Bg5 Be7 5. e5 Nfd7 6. Bxe7 Qxe7 7. f4 a6 8. Nf3
c5 9. dxc5 Nc6 10. Qd2 Qxc5 11. O-O-O b5 12. Bd3 Nb6 13. Ne2 Bd7 14. h4 b4 15.
Kb1 h6 16. h5 Na4 17. g4 Rb8 18. Ka1 Qa5 19. f5 Nc5 20. Ned4 Ne4 21. Bxe4 dxe4
22. fxe6 fxe6 23. Nxc6 Bxc6 24. Qd6 1-0

[Event "4NCL/Div2/BAR3 vs. MIN1"]
[Site "Telford ENG"]
[Date "2004.01.17"]
[Round "3.5"]
[White "Rich, Mark"]
[Black "Muter, Donny"]
[Result "0-1"]
[WhiteElo "2198"]
[BlackElo "2121"]
[PlyCount "60"]
[EventDate "2004.01.17"]

1. e4 d6 2. d4 Nf6 3. Nc3 c6 4. f4 Qa5 5. e5 Ne4 6. Qf3 Nxc3 7. Bd2 Qd5 8. Bxc3
Bf5 9. Qxd5 cxd5 10. O-O-O e6 11. h3 h5 12. Nf3 Be7 13. g3 Nc6 14. a3 Be4 15.
Be2 f6 16. Rhf1 O-O-O 17. exd6 Bxd6 18. Bd3 Ne7 19. Be1 Nf5 20. Rd2 Rde8 21.
Bxe4 dxe4 22. Ng1 h4 23. Re2 hxg3 24. Rxe4 Rh4 25. Rf3 g5 26. Bd2 Bc7 27. d5 e5
28. Rc4 gxf4 29. Bb4 Rd8 30. Rfc3 Rh7 0-1

[Event "4NCL/Div2/BAR3 vs. MIN1"]
[Site "Telford ENG"]
[Date "2004.01.17"]
[Round "3.6"]
[White "Kafka, Graeme"]
[Black "Roberts, Paul"]
[Result "1/2-1/2"]
[WhiteElo "2162"]
[BlackElo "2242"]
[PlyCount "34"]
[EventDate "2004.01.17"]

1. e4 Nf6 2. e5 Nd5 3. d4 d6 4. c4 Nb6 5. exd6 cxd6 6. Nf3 g6 7. Be2 Bg7 8. O-O
O-O 9. Nc3 Bg4 10. Be3 Nc6 11. b3 Bxf3 12. Bxf3 f5 13. Qd2 e5 14. dxe5 dxe5 15.
Bd5+ Kh8 16. Rad1 e4 17. Bh6 Bxh6 1/2-1/2

[Event "4NCL/Div2/BAR3 vs. MIN1"]
[Site "Telford ENG"]
[Date "2004.01.17"]
[Round "3.7"]
[White "Williamson, Paul L"]
[Black "Almond, Richard"]
[Result "1/2-1/2"]
[WhiteElo "2134"]
[BlackElo "2169"]
[PlyCount "37"]
[EventDate "2004.01.17"]

1. d4 d5 2. c4 e6 3. Nc3 Nf6 4. Nf3 Be7 5. Bf4 O-O 6. e3 c5 7. Bd3 Nc6 8. Rc1
cxd4 9. exd4 dxc4 10. Bxc4 b6 11. O-O Bb7 12. Qd2 Rc8 13. Rfd1 Nb4 14. Ne5 Nbd5
15. Nxd5 Nxd5 16. Be3 Qd6 17. a3 Rfd8 18. Qe2 Qb8 19. Ba6 1/2-1/2

[Event "4NCL/Div2/BAR3 vs. MIN1"]
[Site "Telford ENG"]
[Date "2004.01.17"]
[Round "3.8"]
[White "Hegarty, Sarah N"]
[Black "Bhatia, Kanwal K"]
[Result "0-1"]
[WhiteElo "1891"]
[BlackElo "2065"]
[PlyCount "38"]
[EventDate "2004.01.17"]

1. e4 e5 2. Bc4 Nf6 3. d3 Bc5 4. Nf3 d6 5. Bg5 h6 6. Bh4 Nbd7 7. Nbd2 Nf8 8. c3
Ng6 9. Bg3 O-O 10. h3 Nh5 11. Bh2 Nhf4 12. Bxf4 Nxf4 13. d4 exd4 14. cxd4 Bb6
15. O-O Qf6 16. e5 dxe5 17. dxe5 Qg6 18. Nh4 Qg3 19. Qf3 Qxh4 0-1

[Event "4NCL/Div2/3CS2 vs. KHE"]
[Site "Telford ENG"]
[Date "2004.01.17"]
[Round "3.1"]
[White "James, Dale R"]
[Black "Pigott, John C"]
[Result "0-1"]
[WhiteElo "2200"]
[BlackElo "2388"]
[PlyCount "53"]
[EventDate "2004.01.17"]

1. e4 c5 2. Nf3 d6 3. b3 Nf6 4. Qe2 g6 5. Bb2 Bg7 6. g3 Nc6 7. Bg2 O-O 8. d4
Bg4 9. d5 Nd4 10. Qd3 Bxf3 11. Bxf3 Nxd5 12. Bxd4 Nb4 13. Qd2 Bxd4 14. c3 Bg7
15. Na3 Nc6 16. Rc1 Rb8 17. O-O b5 18. Qd5 Ne5 19. Bg2 Qa5 20. Nc2 Qxc3 21. f4
Nd3 22. Rcd1 Qxc2 23. Rxd3 Bd4+ 24. Rxd4 cxd4 25. Qxd4 Qc5 26. Rd1 Rfc8 27.
Qxc5 0-1

[Event "4NCL/Div2/3CS2 vs. KHE"]
[Site "Telford ENG"]
[Date "2004.01.17"]
[Round "3.2"]
[White "McMichael, Richard"]
[Black "Walton, Alan J"]
[Result "1/2-1/2"]
[WhiteElo "2298"]
[BlackElo "2126"]
[PlyCount "44"]
[EventDate "2004.01.17"]

1. c4 f5 2. g3 Nf6 3. Bg2 d6 4. d3 e5 5. Nc3 Nc6 6. e4 fxe4 7. dxe4 Be6 8. Nd5
Nd4 9. Be3 c5 10. Ne2 Bg4 11. Bxd4 cxd4 12. O-O Nxd5 13. exd5 Be7 14. Be4 O-O
15. Qd3 g6 16. Rae1 Kg7 17. f4 Qb6 18. b3 Qa5 19. Bf3 Bh3 20. Bg2 Bf5 21. Be4
Bh3 22. Bg2 Bf5 1/2-1/2

[Event "4NCL/Div2/3CS2 vs. KHE"]
[Site "Telford ENG"]
[Date "2004.01.17"]
[Round "3.3"]
[White "Shaw, David A"]
[Black "Thomas, Richard H"]
[Result "1/2-1/2"]
[WhiteElo "2165"]
[BlackElo "2235"]
[PlyCount "40"]
[EventDate "2004.01.17"]

1. e4 g6 2. d4 Bg7 3. Nc3 c6 4. Bc4 Nh6 5. Bb3 d5 6. Bxh6 Bxh6 7. exd5 O-O 8.
h4 cxd5 9. Nxd5 Nc6 10. h5 Bg7 11. hxg6 hxg6 12. c3 e5 13. dxe5 Nxe5 14. Ne2
Re8 15. O-O Nf3+ 16. gxf3 Rxe2 17. Qxe2 Qg5+ 18. Kh1 Qh5+ 19. Kg1 Qg5+ 20. Kh1
Qh4+ 1/2-1/2

[Event "4NCL/Div2/3CS2 vs. KHE"]
[Site "Telford ENG"]
[Date "2004.01.17"]
[Round "3.4"]
[White "O'Shaughnessy, Conor"]
[Black "Adams, Phil"]
[Result "0-1"]
[WhiteElo "2202"]
[BlackElo "2077"]
[PlyCount "78"]
[EventDate "2004.01.17"]

1. Nf3 g6 2. e4 c5 3. c3 Bg7 4. Na3 Nf6 5. d3 O-O 6. Be2 Nc6 7. O-O d6 8. h3
Rb8 9. Bg5 b5 10. Qd2 b4 11. Nc4 bxc3 12. bxc3 Ba6 13. Ne3 Qa5 14. Rfc1 Rb7 15.
Bd1 c4 16. Bxf6 Bxf6 17. d4 Rfb8 18. Be2 Rb2 19. Rc2 Rb1+ 20. Rxb1 Rxb1+ 21.
Kh2 Qa4 22. Nd5 Bg7 23. Nc7 e6 24. Rb2 Rxb2 25. Qxb2 Qa5 26. Nxa6 Qxa6 27. Nd2
d5 28. exd5 exd5 29. Nf1 Bf8 30. Ne3 Bd6+ 31. g3 Ne7 32. h4 h5 33. Bf3 Qa5 34.
Kg2 Kg7 35. Qb7 Qxa2 36. Nxd5 Nf5 37. Qd7 Bxg3 38. Kh3 Qxf2 39. Bg2 Qg1 0-1

[Event "4NCL/Div2/3CS2 vs. KHE"]
[Site "Telford ENG"]
[Date "2004.01.17"]
[Round "3.5"]
[White "Whitworth, Philip"]
[Black "Guthrie, David"]
[Result "0-1"]
[WhiteElo "2024"]
[BlackElo "2165"]
[PlyCount "76"]
[EventDate "2004.01.17"]

1. f4 c5 2. Nf3 Nc6 3. g3 g6 4. Bg2 Bg7 5. O-O e6 6. e4 Nge7 7. d3 O-O 8. e5 d6
9. exd6 Qxd6 10. Nbd2 b6 11. Rb1 Bb7 12. Nc4 Qc7 13. Re1 Rfd8 14. a3 Nf5 15.
Bd2 b5 16. Nce5 Rac8 17. Nxc6 Bxc6 18. Ne5 Bxg2 19. Kxg2 Nd4 20. Bc3 Rd5 21.
Ng4 Qb7 22. Kg1 b4 23. Bd2 b3 24. cxb3 Nxb3 25. Bc3 Nd4 26. Ne3 Rd7 27. Rf1
Rcd8 28. b4 cxb4 29. Rxb4 Qa8 30. Rc4 h5 31. h4 Kh7 32. Rf2 Nf5 33. Nxf5 Rxd3
34. Qxd3 Rxd3 35. Nxg7 Rd1+ 36. Rf1 Rxf1+ 37. Kxf1 Qf3+ 38. Ke1 Qe3+ 0-1

[Event "4NCL/Div2/3CS2 vs. KHE"]
[Site "Telford ENG"]
[Date "2004.01.17"]
[Round "3.6"]
[White "Ward, Julian T"]
[Black "Plant, Paul"]
[Result "1/2-1/2"]
[WhiteElo "2104"]
[BlackElo "2097"]
[PlyCount "64"]
[EventDate "2004.01.17"]

1. Nf3 Nf6 2. c4 g6 3. g3 Bg7 4. Bg2 O-O 5. O-O d6 6. d4 Nbd7 7. Nc3 c6 8. h3
Re8 9. e4 e5 10. dxe5 Nxe5 11. Nxe5 dxe5 12. Be3 Be6 13. Qa4 Qd3 14. c5 Bf8 15.
Rfc1 Nh5 16. Rd1 Qc4 17. Qc2 Bxc5 18. Bf1 Qb4 19. a3 Qb3 20. Qxb3 Bxb3 21. Bxc5
Bxd1 22. Rxd1 b6 23. Be3 Rad8 24. Be2 Ng7 25. f4 Rxd1+ 26. Bxd1 exf4 27. gxf4
Nf5 28. Bc1 Nd4 29. Kf2 Ne6 30. Be3 Nc5 31. Bc2 Rd8 32. Bxc5 Rd2+ 1/2-1/2

[Event "4NCL/Div2/3CS2 vs. KHE"]
[Site "Telford ENG"]
[Date "2004.01.17"]
[Round "3.7"]
[White "Hickman, Alexander"]
[Black "Mackenzie, Colin"]
[Result "1/2-1/2"]
[WhiteElo "1936"]
[BlackElo "2147"]
[PlyCount "88"]
[EventDate "2004.01.17"]

1. d4 e6 2. c4 Nf6 3. Nc3 Bb4 4. Qc2 c5 5. dxc5 Na6 6. Nf3 O-O 7. a3 Bxc3+ 8.
Qxc3 Nxc5 9. e3 a5 10. b3 b6 11. Bb2 Bb7 12. Be2 d5 13. Rd1 Qe7 14. Nd2 Rac8
15. O-O dxc4 16. Nxc4 Nce4 17. Qd4 Rc5 18. f3 e5 19. Nxe5 Ng5 20. Ng4 Rc2 21.
Nxf6+ Qxf6 22. Qxf6 gxf6 23. Bxf6 Nh3+ 24. gxh3 Rxe2 25. Rf2 Rxf2 26. Kxf2 Rc8
27. Rd8+ Rxd8 28. Bxd8 Bd5 29. Bxb6 Bxb3 30. Bxa5 f5 31. e4 Kf7 32. e5 Ke6 33.
f4 Kd5 34. Ke3 Bc2 35. Kd2 Ba4 36. Bd8 Ke4 37. Bg5 Kd4 38. h4 Kc4 39. Ke3 h5
40. e6 Kc3 41. Be7 Kc4 42. Bb4 Be8 43. e7 Bd7 44. Kd2 Ba4 1/2-1/2

[Event "4NCL/Div2/3CS2 vs. KHE"]
[Site "Telford ENG"]
[Date "2004.01.17"]
[Round "3.8"]
[White "Connolly, Suzanne"]
[Black "Martin, Katie"]
[Result "1/2-1/2"]
[WhiteElo "2072"]
[BlackElo "1987"]
[PlyCount "68"]
[EventDate "2004.01.17"]

1. e4 e5 2. Nf3 Nc6 3. Bb5 a6 4. Ba4 Nf6 5. d3 b5 6. Bb3 Bc5 7. O-O O-O 8. c3
d6 9. a4 Rb8 10. Nbd2 Be6 11. Bc2 Bb6 12. b4 Ne7 13. d4 Ng6 14. Re1 a5 15. Bb2
axb4 16. axb5 bxc3 17. Bxc3 exd4 18. Bxd4 Bg4 19. Qc1 Bd7 20. Bd3 Nf4 21. Bf1
Ne6 22. Nb3 Nxd4 23. Nfxd4 Ng4 24. h3 Qf6 25. hxg4 Bxd4 26. Nxd4 Qxd4 27. Qxc7
Bxb5 28. Bxb5 Rxb5 29. Rad1 Qf6 30. Qxd6 Qh4 31. Qd3 Rg5 32. Qh3 Rxg4 33. Qxh4
Rxh4 34. g3 Rh6 1/2-1/2

[Event "4NCL/Div2/GUI2 vs. MMNWE2"]
[Site "Telford ENG"]
[Date "2004.01.17"]
[Round "3.1"]
[White "Povah, Nigel E"]
[Black "Lund, D Brett"]
[Result "1-0"]
[WhiteElo "2369"]
[BlackElo "2231"]
[PlyCount "63"]
[EventDate "2004.01.17"]

1. d4 c5 2. d5 e6 3. c4 exd5 4. cxd5 d6 5. Nc3 g6 6. Nf3 Nf6 7. Bf4 Bg7 8. Qa4+
Bd7 9. Qb3 Qc7 10. e4 O-O 11. Nd2 Nh5 12. Be3 f5 13. exf5 Bxf5 14. Be2 Nf6 15.
h3 Na6 16. g4 Bd7 17. O-O Rae8 18. a3 Re7 19. Bf3 Qb8 20. a4 h5 21. g5 Ne8 22.
h4 {(=)} 22... Bh3 23. Rfe1 Qc8 24. Qc4 Nb4 25. Ne2 Be5 26. Bf4 Qf5 27. Bxe5
Rxe5 28. Ng3 Rxe1+ 29. Rxe1 Qf7 30. Re3 Nc7 31. Nde4 Qf4 32. Ne2 $138 1-0

[Event "4NCL/Div2/GUI2 vs. MMNWE2"]
[Site "Telford ENG"]
[Date "2004.01.17"]
[Round "3.2"]
[White "Hulmes, David I"]
[Black "Thompson, Ian D"]
[Result "1/2-1/2"]
[WhiteElo "2170"]
[BlackElo "2281"]
[PlyCount "99"]
[EventDate "2004.01.17"]

1. e4 e6 2. d4 d5 3. Nd2 Nf6 4. e5 Nfd7 5. Bd3 c5 6. c3 Nc6 7. Ne2 cxd4 8. cxd4
f6 9. exf6 Qxf6 10. Nf3 h6 11. O-O Bd6 12. Be3 O-O 13. Bc2 Rd8 14. Qd2 e5 15.
Bb3 Nb6 16. dxe5 Nxe5 17. Nxe5 Bxe5 18. Bd4 Bg4 19. f3 Bh5 20. Rfe1 Nc4 21. Qc3
Rac8 22. Rad1 Bf7 23. Bxc4 Bxd4+ 24. Qxd4 Qxd4+ 25. Rxd4 dxc4 26. Red1 Rxd4 27.
Rxd4 b5 28. a3 a5 29. Kf2 b4 30. axb4 axb4 31. Ke1 Ra8 32. Nc1 Ra1 33. Kd2 Rb1
34. b3 Rb2+ 35. Ke3 Rb1 36. Kd2 cxb3 37. Rxb4 Rb2+ 38. Ke3 Rxg2 39. h4 Rc2 40.
Nd3 Rc4 41. Rb8+ Kh7 42. Ne5 Rc3+ 43. Kd4 Rc7 44. Nxf7 Rxf7 45. Ke3 Ra7 46.
Rxb3 Ra4 47. f4 Ra1 48. Rb5 Re1+ 49. Kf3 Rf1+ 50. Ke4 1/2-1/2

[Event "4NCL/Div2/GUI2 vs. MMNWE2"]
[Site "Telford ENG"]
[Date "2004.01.17"]
[Round "3.3"]
[White "Anderton, Matthew N"]
[Black "Hague, Ben"]
[Result "1/2-1/2"]
[WhiteElo "2242"]
[BlackElo "2227"]
[PlyCount "114"]
[EventDate "2004.01.17"]

1. e4 g6 2. d4 d6 3. Nc3 Bg7 4. Be3 a6 5. Qd2 b5 6. a4 b4 7. Nd1 a5 8. c3 Nf6
9. f3 bxc3 10. bxc3 O-O 11. Bd3 e5 12. Ne2 Qe7 13. O-O d5 14. Bg5 exd4 15. cxd4
dxe4 16. fxe4 h6 17. Bh4 Nxe4 18. Bxe7 Nxd2 19. Bxf8 Kxf8 20. Rf2 Nb3 21. Bc4
Ba6 22. Bxb3 Bxe2 23. Rxf7+ Kg8 24. Rxc7+ Kh7 25. Nc3 Bg4 26. Rf1 Na6 27. Rb7
Kh8 28. Nb5 Nb4 29. Rff7 Rg8 30. Rf4 Bc8 31. Bxg8 Bxb7 32. Bc4 Bc6 33. Kf1 Nc2
34. d5 Ne3+ 35. Ke2 Nxd5 36. Bxd5 Bxd5 37. Kd3 Bxg2 38. Nd6 g5 39. Rf2 Bc6 40.
Ra2 Bf8 41. Nc4 Bb4 42. Kd4 Kg7 43. Ne5 Be8 44. Kd5 h5 45. Ke6 g4 {(=)} 46. Kf5
Bc3 47. Rc2 Bxe5 48. Kxe5 Bxa4 49. Ra2 Bd1 50. Rxa5 h4 51. Ra1 Bf3 52. Kf4 h3
53. Ra6 Kf7 54. Ke5 Kg7 55. Kf5 Kf7 56. Ra7+ Kf8 57. Kg6 Bg2 1/2-1/2

[Event "4NCL/Div2/GUI2 vs. MMNWE2"]
[Site "Telford ENG"]
[Date "2004.01.17"]
[Round "3.4"]
[White "Hughes, Howard R"]
[Black "Richardson, Keith B"]
[Result "0-1"]
[WhiteElo "2212"]
[BlackElo "2219"]
[PlyCount "68"]
[EventDate "2004.01.17"]

1. e4 g6 2. d4 Bg7 3. Nc3 d6 4. Bc4 Nc6 5. Nf3 Nf6 6. O-O O-O 7. Be3 Ng4 8. Bf4
Nxd4 9. Nxd4 e5 10. Be3 Nxe3 11. fxe3 exd4 12. exd4 Be6 13. Qd3 Bxc4 14. Qxc4
c6 15. Kh1 Qb6 16. Rad1 Rad8 17. b3 Qa5 18. Rf3 d5 19. exd5 cxd5 20. Qc5 Qxc5
21. dxc5 d4 22. Ne2 Rfe8 23. Nc1 Rc8 24. b4 b6 25. cxb6 axb6 26. Rf2 Rc4 27.
Nd3 Rec8 28. Kg1 Rxc2 29. Rdd2 Rxd2 30. Rxd2 Bh6 31. Rb2 Rc3 32. Ne5 d3 33.
Nxd3 Rxd3 34. Kf1 Rd2 0-1

[Event "4NCL/Div2/GUI2 vs. MMNWE2"]
[Site "Telford ENG"]
[Date "2004.01.17"]
[Round "3.5"]
[White "Granat, Russell G"]
[Black "Spence, David"]
[Result "1/2-1/2"]
[WhiteElo "2252"]
[BlackElo "2154"]
[PlyCount "71"]
[EventDate "2004.01.17"]

1. e4 e6 2. d4 d5 3. Nc3 Bb4 4. e5 c5 5. Nf3 Nc6 6. a3 Ba5 7. Bd2 Nxd4 8. Nxd4
cxd4 9. Nb5 Bc7 10. f4 Ne7 11. Bd3 Bd7 12. O-O a6 13. Nxc7+ Qxc7 14. Bb4 Bb5
15. Bxb5+ axb5 16. Qxd4 Rc8 17. Qd3 Qc4 18. Qe3 Nf5 19. Qa7 Qd4+ 20. Qxd4 Nxd4
21. Rf2 Rc4 22. c3 Nb3 23. Rd1 g6 {(=)} 24. Kf1 h5 25. Ke2 Kd7 26. Kd3 Rhc8 27.
Kc2 Nd4+ 28. Kb1 Nc6 29. Bd6 f5 30. Rd3 Rg8 31. Rg3 Re4 32. Rg5 Nd8 33. Bc5 Nf7
34. Rg3 g5 35. h4 g4 36. Rd3 1/2-1/2

[Event "4NCL/Div2/GUI2 vs. MMNWE2"]
[Site "Telford ENG"]
[Date "2004.01.17"]
[Round "3.6"]
[White "Savory, Richard J"]
[Black "Jackson, Adrian"]
[Result "0-1"]
[WhiteElo "2096"]
[BlackElo "2217"]
[PlyCount "86"]
[EventDate "2004.01.17"]

1. e4 c5 2. Nf3 d6 3. d4 cxd4 4. Nxd4 Nf6 5. Nc3 g6 6. Be3 Bg7 7. f3 Nc6 8. Qd2
O-O 9. Bc4 Bd7 10. O-O-O Rc8 11. Bb3 Ne5 12. g4 b5 13. Bh6 b4 14. Nd5 Nxd5 15.
Bxd5 e6 16. Bxg7 Kxg7 17. Qxb4 exd5 18. Qxd6 Nc4 19. Qxd5 Ne3 20. Nf5+ Bxf5 21.
Qxd8 Rfxd8 22. Rxd8 Rxd8 23. gxf5 gxf5 24. exf5 Kf6 25. Re1 Nxf5 26. c4 Rd3 27.
c5 a5 28. Re4 Rd4 29. Kc2 Rxe4 30. fxe4 Ne7 31. Kd3 Ke5 32. b3 Nc6 33. a3 h5
34. Kc4 Kxe4 35. b4 axb4 36. axb4 f5 37. b5 Ne7 38. c6 f4 39. c7 f3 40. Kc5 f2
41. b6 f1=Q 42. b7 Qc1+ 43. Kd6 Qc6+ 0-1

[Event "4NCL/Div2/GUI2 vs. MMNWE2"]
[Site "Telford ENG"]
[Date "2004.01.17"]
[Round "3.7"]
[White "Norman, Kenneth I"]
[Black "Hanley, James"]
[Result "1/2-1/2"]
[WhiteElo "2155"]
[BlackElo "2008"]
[PlyCount "58"]
[EventDate "2004.01.17"]

1. Nf3 Nf6 2. c4 g6 3. g3 Bg7 4. Bg2 O-O 5. d4 d6 6. Nc3 Nc6 7. O-O a6 8. d5
Na5 9. Nd2 c5 10. Qc2 Bd7 11. b3 b5 12. Bb2 Rb8 13. Nd1 e6 14. e4 exd5 15. cxd5
Rc8 16. Ne3 Re8 17. Rfe1 Ng4 18. Bxg7 Kxg7 19. Nxg4 Bxg4 20. a4 Kg8 21. axb5
axb5 22. Qc3 b4 23. Qb2 Qc7 24. e5 Bf5 25. Bf1 Rxe5 26. Rxe5 dxe5 27. d6 Qb6
28. Qxe5 Rd8 29. Bc4 Qxd6 1/2-1/2

[Event "4NCL/Div2/GUI2 vs. MMNWE2"]
[Site "Telford ENG"]
[Date "2004.01.17"]
[Round "3.8"]
[White "Milligan, Helen"]
[Black "Lang, Heather"]
[Result "1-0"]
[WhiteElo "2076"]
[BlackElo "2070"]
[PlyCount "51"]
[EventDate "2004.01.17"]

1. e4 e5 2. Nf3 Nc6 3. d4 exd4 4. Nxd4 Qh4 5. Nc3 Bb4 6. Be2 Qxe4 7. Ndb5 Bxc3+
8. bxc3 Kd8 9. O-O Nge7 10. Bd3 Qh4 11. g3 Qf6 12. Re1 a6 13. Nd4 Ne5 14. Bf4
Nxd3 15. Qxd3 d6 16. Nf3 Bf5 17. Qd2 h6 18. Be5 Qg6 19. Nh4 Qh7 20. Bxd6 Nc6
21. Nxf5 Qxf5 22. Bf8+ Qd7 23. Qxd7+ Kxd7 24. Rad1+ Nd4 25. Rxd4+ Kc6 26. Bxg7
1-0

[Event "4NCL/Div2/PPA1 vs. 3CS2"]
[Site "Telford ENG"]
[Date "2004.01.18"]
[Round "4.1"]
[White "Swanson, Stephen"]
[Black "James, Dale R"]
[Result "1/2-1/2"]
[WhiteElo "2283"]
[BlackElo "2200"]
[PlyCount "168"]
[EventDate "2004.01.18"]

1. e4 c5 2. Nf3 Nc6 3. Bb5 g6 4. Bxc6 bxc6 5. O-O Bg7 6. c3 d5 7. d3 Nf6 8. Qa4
O-O 9. h3 Qc7 10. Re1 e5 11. Nbd2 Bd7 12. Qa3 Rfe8 13. Qxc5 Bf8 14. Qe3 Nh5 15.
Nh2 Nf4 16. Qf3 f5 17. Ndf1 dxe4 18. dxe4 fxe4 19. Rxe4 Bf5 20. Rc4 Nd3 21.
Rxc6 Qd7 22. Ra6 Ne1 23. Qc6 Qxc6 24. Rxc6 Nc2 25. Rb1 Nb4 26. cxb4 Bxb1 27. a3
Rac8 28. Rxc8 Rxc8 29. Bd2 Rc2 30. Bc3 Bd6 31. Ng4 h5 32. Nge3 Rc1 33. g3 Kf7
34. Kg2 Ke6 35. Nd2 Bd3 36. Nb3 Rb1 37. Nd2 Re1 38. Nb3 Rb1 39. Nd2 Re1 40. Nf3
Ra1 41. Ng5+ Kd7 42. h4 a6 43. Kf3 Bb5 44. Ne4 Bc6 45. Nc4 Bc7 46. Ke3 Bxe4 47.
Kxe4 Ke6 48. Kd3 Rf1 49. Ke2 Rb1 50. a4 Kd5 51. Ne3+ Kc6 52. Nc4 e4 53. Nd2 Ra1
54. b5+ axb5 55. axb5+ Kd5 56. Nf1 Ra2 57. Ne3+ Kc5 58. g4 Kxb5 59. gxh5 gxh5
60. Nd5 Bd8 61. Nf4 Bxh4 62. Nxh5 Ra6 63. Nf4 {(=)} 63... Bg5 64. Ng2 Kc4 65.
f3 exf3+ 66. Kxf3 Bc1 67. Be5 Kb3 68. Ke4 Bxb2 69. Bf4 Ra4+ 70. Kf3 Bd4 71. Nh4
Kc4 72. Nf5 Kd3 73. Ng3 Ra1 74. Kg4 Ra2 75. Kf3 Rf2+ 76. Kg4 Be3 77. Be5 Rf8
78. Bd6 Rf7 79. Be5 Bd4 80. Bd6 Bf2 81. Nf5 Ke4 82. Ne7 Rg7+ 83. Kh3 Bd4 84.
Bb4 Bf6 1/2-1/2

[Event "4NCL/Div2/PPA1 vs. 3CS2"]
[Site "Telford ENG"]
[Date "2004.01.18"]
[Round "4.2"]
[White "Taylor, Robert M"]
[Black "Byway, Paul"]
[Result "1-0"]
[WhiteElo "2175"]
[BlackElo "2213"]
[PlyCount "101"]
[EventDate "2004.01.18"]

1. e4 c5 2. Nc3 Nc6 3. f4 e6 4. Nf3 d5 5. Bb5 Nf6 6. e5 Nd7 7. Bxc6 bxc6 8. d3
Be7 9. O-O O-O 10. Ne2 f6 11. Qe1 Qe8 12. Ng3 Nb6 13. a4 d4 14. b3 Nd5 15. exf6
Nxf6 16. Ne5 Nd5 17. Ne4 Nb4 18. Qe2 a5 19. g3 Ra7 {(=)} 20. Ba3 Ra6 21. Rae1
Qd8 22. Qg2 Qd5 23. h4 Ra7 24. Bc1 Bf6 25. Nc4 Bd8 26. Qh2 Ba6 27. Re2 Be7 28.
Rfe1 Bxc4 29. bxc4 Qf5 30. Nf2 Rb7 31. h5 Na2 32. Bd2 Nb4 33. Bxb4 Rxb4 34.
Rxe6 Bd8 35. R1e5 Rb1+ 36. Kg2 Qf7 37. Ne4 Rc1 38. Kf3 Qb7 39. Nd6 Qb1 40. Re8
Rf1+ 41. Kg4 g5 42. h6 Qd1+ 43. Qe2 R1xf4+ 44. gxf4 Qg1+ 45. Kh3 Qh1+ 46. Qh2
Qf1+ 47. Qg2 g4+ 48. Kh2 Qxf4+ 49. Kg1 Qc1+ 50. Re1 Qxh6 51. Qxg4+ 1-0

[Event "4NCL/Div2/PPA1 vs. 3CS2"]
[Site "Telford ENG"]
[Date "2004.01.18"]
[Round "4.3"]
[White "Harley, Andrew"]
[Black "Shaw, David A"]
[Result "1-0"]
[WhiteElo "2238"]
[BlackElo "2165"]
[PlyCount "107"]
[EventDate "2004.01.18"]

1. e4 e5 2. Nf3 Nc6 3. Bb5 a6 4. Ba4 Nf6 5. O-O Nxe4 6. d4 b5 7. Bb3 d5 8. dxe5
Be6 9. Nbd2 Bc5 10. Nxe4 dxe4 11. Ng5 Qxd1 12. Rxd1 Bxb3 13. axb3 Nb4 14. Bf4
e3 15. Bxe3 Bxe3 16. fxe3 Nxc2 17. Rac1 Nxe3 18. Rd3 Ng4 19. Rxc7 Nxe5 20. Rd5
Ng4 21. h3 Nh6 22. Re5+ Kf8 23. Nxf7 Nxf7 24. Rf5 h5 25. Rfxf7+ Ke8 26. Rxg7
Rd8 27. Kf2 Rd6 28. Ke3 h4 29. Rce7+ Kf8 30. Ref7+ Ke8 31. Ra7 Kf8 32. Rgc7
Re6+ 33. Kf4 Rhh6 34. Rc8+ Re8 35. Rxe8+ Kxe8 36. Kg5 Rd6 37. Kxh4 Rd2 38. g4
Rxb2 39. Rxa6 Kf7 40. Kg5 Rxb3 41. h4 b4 42. Rb6 Ke7 43. h5 Kd7 44. h6 Kc7 45.
h7 Kxb6 46. h8=Q Rd3 47. Kf4 Kb5 48. Ke4 Rd1 49. Qb2 Rg1 50. Kf5 Ka4 51. Qa2+
Kb5 52. g5 Rg3 53. g6 b3 54. Qe2+ 1-0

[Event "4NCL/Div2/PPA1 vs. 3CS2"]
[Site "Telford ENG"]
[Date "2004.01.18"]
[Round "4.4"]
[White "Adams, Phil"]
[Black "Rosen, Daniel B"]
[Result "1-0"]
[WhiteElo "2077"]
[BlackElo "2145"]
[PlyCount "47"]
[EventDate "2004.01.18"]

1. e4 g6 2. d4 Bg7 3. Nc3 d6 4. Be3 c6 5. Qd2 Nd7 6. Nf3 Qc7 7. Bd3 b5 8. O-O
Ngf6 9. Bh6 O-O 10. Bxg7 Kxg7 11. a4 b4 12. Ne2 a5 13. Ng3 h6 14. Nh4 Nb6 15.
f4 e5 16. fxe5 dxe5 17. Rxf6 Kxf6 18. Qxh6 Ke7 19. Rf1 Be6 20. Qg7 Kd6 21.
Qxe5+ Kd7 22. Qg7 Rg8 23. Rxf7+ Bxf7 24. Qxf7+ 1-0

[Event "4NCL/Div2/PPA1 vs. 3CS2"]
[Site "Telford ENG"]
[Date "2004.01.18"]
[Round "4.5"]
[White "Dignam, Matthew"]
[Black "Keevil, Paul"]
[Result "1-0"]
[WhiteElo "2159"]
[BlackElo "2150"]
[PlyCount "81"]
[EventDate "2004.01.18"]

1. d4 d5 2. c4 c6 3. Nf3 e6 4. e3 Bb4+ 5. Nbd2 Nf6 6. Bd3 Ne4 7. O-O Nxd2 8.
Bxd2 Bxd2 9. Qxd2 f5 10. b4 O-O 11. b5 cxb5 12. cxb5 b6 13. Rfc1 Bb7 {(=)} 14.
Qb4 Re8 15. Ne5 Nd7 16. Nc6 Qf6 17. Qd6 Nf8 18. Qc7 Bxc6 19. bxc6 Rec8 20. Qb7
Rcb8 21. Qxb8 Rxb8 22. c7 Ra8 23. c8=Q Rxc8 24. Rxc8 e5 25. Rac1 exd4 26. exd4
h6 27. Ra8 Kh7 28. Rxa7 Ng6 29. g3 h5 30. Rcc7 Qxd4 31. Bxf5 Qa1+ 32. Kg2 Qd4
33. Rxg7+ Qxg7 34. Bxg6+ Kxg6 35. Rxg7+ Kxg7 36. Kf3 Kf6 37. Kf4 Ke6 38. f3 b5
39. g4 h4 40. Ke3 Ke5 41. f4+ 1-0

[Event "4NCL/Div2/PPA1 vs. 3CS2"]
[Site "Telford ENG"]
[Date "2004.01.18"]
[Round "4.6"]
[White "Plant, Paul"]
[Black "Day, Tom W"]
[Result "0-1"]
[WhiteElo "2097"]
[BlackElo "2134"]
[PlyCount "96"]
[EventDate "2004.01.18"]

1. d4 Nf6 2. c4 e6 3. Nf3 b6 4. g3 Bb7 5. Bg2 Bb4+ 6. Nbd2 Bxd2+ 7. Bxd2 O-O 8.
O-O d6 9. Bf4 Nbd7 10. Rc1 a5 11. Qb3 Re8 12. Rfd1 Qc8 13. h3 e5 14. dxe5 dxe5
15. Be3 Ne4 16. Ng5 Nec5 17. Qc2 Nf6 18. Bxc5 bxc5 19. Bd5 Bxd5 20. cxd5 e4 21.
d6 cxd6 22. Rxd6 Qf5 23. Qxc5 Qxc5 24. Rxc5 h6 25. h4 hxg5 26. hxg5 Ng4 27.
Rdd5 a4 28. Rd4 f6 29. Rc7 Red8 30. Rxe4 Ne5 31. f4 Nf7 32. gxf6 gxf6 33. Ree7
Rf8 34. Kf2 Kg7 35. Rc4 a3 36. b3 Rad8 37. Ra7 Rd2 38. Rca4 Re8 39. Rxa3 Rexe2+
40. Kf1 Rf2+ 41. Ke1 Rde2+ 42. Kd1 Rd2+ 43. Ke1 Rb2 44. f5 Kg8 45. R3a4 Rh2 46.
Rg4+ Kf8 47. Ra8+ Ke7 48. Ra7+ Kd6 0-1